| 000 | 00000nas 2200000za 4500 |
| 001 | 9.855873 |
| 003 | CaOODSP |
| 005 | 20221107155414 |
| 007 | cr ||||||||||| |
| 008 | 180426d19601969oncar p oss f0###b0fre|d |
| 022 | |y0575-9692 |
| 040 | |aCaOODSP|bfre |
| 041 | |aeng|afre |
| 043 | |an-cn--- |
| 086 | 1 |aCS47-206-PDF |
| 245 | 00|aScientific and professional equipment manufacturers |h[ressource électronique] |
| 246 | 11|aManufacturiers d'instruments scientifiques et professionnels|f1967-1969 |
| 260 | |a[Ottawa] : |bDominion Bureau of Statistics, Industry and Merchandising Division, |c1962-1971. |
| 310 | |aAnnuel |
| 362 | 0 |a1960-1969. |
| 500 | |aÉdition numérisée de l’imprimé [par Statistique Canada]. |
| 546 | |aTexte en anglais seulement, 1960-1966; texte en anglais et en français, 1967-1969. |
| 550 | |aPubl. 1961-1964 par la Division de l'industrie; 1965-1969, par la Division des industries manufacturières et primaires. |
| 580 | |aFait suite après scission à: Miscellaneous industries. |
| 692 | 07|2gccst|aÉquipement scientifique |
| 692 | 07|2gccst|aIndustrie de la fabrication |
| 710 | 1 |aCanada. |bBureau fédéral de la statistique. |bDivision des industries manufacturières et primaires. |
| 710 | 1 |aCanada. |bBureau fédéral de la statistique. |bDivision de l'industrie. |
| 785 | 00|tScientific and professional equipment industries |w(CaOODSP)9.855881 |
| 791 | |tScientific and professional equipment manufacturers |eeng|w(CaOODSP)9.855858 |